[Event "ESP-ch U18"]
[Site "Salobrena"]
[Date "2021.07.26"]
[Round "2"]
[White "Cuellar Montes, Alejandro"]
[Black "Bermudez Revuelta, Paula"]
[Result "1-0"]
[WhiteElo "2087"]
[BlackElo "1845"]
[PlyCount "57"]
[EventDate "2021.07.26"]
[EventType "swiss"]
[EventRounds "9"]
[EventCountry "ESP"]
[SourceTitle "CBM 203 Extra"]
[Source "ChessBase"]
[SourceDate "2021.09.30"]
[SourceVersion "1"]
[SourceVersionDate "2021.09.30"]
[SourceQuality "1"]

1. e4 c5 2. Nf3 d6 3. d4 cxd4 4. Nxd4 Nf6 5. Nc3 a6 6. Bg5 Nbd7 7. Bc4 Qc7 8. Bb3 b6 9. Qe2 Bb7 10. 0-0-0 g6 11. f4 Bg7 12. Rhe1 h6 13. Bh4 Nc5 14. Bd5 0-0 15. Bxf6 Bxf6 16. f5 Bxd4 17. Rxd4 e6 18. Bxb7 Nxb7 19. Qd2 Kg7 20. Rf1 Rad8 21. f6+ Kh7 22. Rd3 Qc4 23. Re1 Qc5 24. Rh3 g5 25. Nd5 Qa5 26. c3 Rg8 27. Ne7 Qxa2 28. Ree3 Na5 29. Rxh6+ 1-0

[Event "ESP-chT CECLUB Div1"]
[Site "Linares"]
[Date "2019.08.27"]
[Round "2.2"]
[White "Bermudez Revuelta, Paula"]
[Black "Garcia Molina, Jose"]
[Result "1-0"]
[WhiteElo "1702"]
[BlackElo "1939"]
[PlyCount "73"]
[EventDate "2019.08.26"]
[EventType "team-tourn"]
[EventRounds "7"]
[EventCountry "ESP"]
[SourceTitle "EXT 2020"]
[Source "ChessBase"]
[SourceDate "2019.10.17"]
[SourceVersion "1"]
[SourceVersionDate "2019.10.17"]
[SourceQuality "1"]
[WhiteTeam "Real Oviedo"]
[BlackTeam "Silla Bosch Serinsys"]
[WhiteTeamCountry "ESP"]
[BlackTeamCountry "ESP"]

1. e4 c5 2. Nf3 d6 3. d4 cxd4 4. Nxd4 Nf6 5. Nc3 a6 6. Be2 e6 7. 0-0 Be7 8. f4 0-0 9. Kh1 Qc7 10. a4 Nc6 11. Be3 Bd7 12. Nb3 Nb4 13. Bf3 e5 14. f5 d5 15. exd5 Bxf5 16. Rc1 Bd6 17. Be2 Bg6 18. Bg5 Nd7 19. Bh5 Rae8 20. Bxg6 hxg6 21. Ne4 f5 22. Nxd6 Qxd6 23. c3 f4 24. cxb4 Rf5 25. Bh4 Qxb4 26. Be1 Qd6 27. Na5 e4 28. Nc4 Qf6 29. Bc3 Qg5 30. Rg1 Qh4 31. Be1 Qg5 32. Nd6 Rxd5 33. Qb3 Re6 34. Rc8+ Nf8 35. Bb4 e3 36. Rxf8+ Kh7 37. Rh8+ 1-0

[Event "ESP-chT CECLUB Div1"]
[Site "Linares"]
[Date "2018.08.12"]
[Round "7.4"]
[White "Garcia Molina, Jose"]
[Black "Bermudez Revuelta, Paula"]
[Result "1-0"]
[WhiteElo "1969"]
[BlackElo "1887"]
[PlyCount "97"]
[EventDate "2018.08.06"]
[EventType "team-tourn"]
[EventRounds "7"]
[EventCountry "ESP"]
[SourceTitle "CBM 185 Extra"]
[Source "ChessBase"]
[SourceDate "2018.07.29"]
[SourceVersion "1"]
[SourceVersionDate "2018.07.29"]
[SourceQuality "1"]
[WhiteTeam "Silla Lopez Instalaciones"]
[BlackTeam "Real Oviedo"]
[WhiteTeamCountry "ESP"]
[BlackTeamCountry "ESP"]

1. d4 d5 2. c4 c6 3. Nc3 Nf6 4. Nf3 e6 5. Bf4 dxc4 6. a4 Bb4 7. Qc2 Nd5 8. Bd2 Qa5 9. e4 Nxc3 10. bxc3 Be7 11. Bxc4 0-0 12. e5 h6 13. Qe4 Nd7 14. Qg4 Kh8 15. 0-0 Nb6 16. Bd3 Qd5 17. Be4 Qd8 18. Qh5 f5 19. exf6 Rxf6 20. Ne5 Kg8 21. Rae1 Bd7 22. Re3 Be8 23. Qh3 Bd6 24. Rg3 Kf8 25. f4 Nd7 26. Nc4 Bc7 27. Bc1 Nb6 28. Qg4 Qd7 29. Ba3+ Kg8 30. Ne5 Bxe5 31. dxe5 Rf7 32. Qg6 Rf5 33. Qxh6 Rh5 34. Qf6 Qf7 35. Qxf7+ Bxf7 36. Rb1 Nc4 37. Bc1 Rd8 38. Bf3 Rh4 39. Rxb7 a5 40. h3 Kf8 41. Kf2 Nd2 42. Bxd2 Rxd2+ 43. Ke3 Rc2 44. Rb8+ Be8 45. Kd3 Rf2 46. Bxc6 Rfxf4 47. Rxe8+ Kf7 48. Ra8 Rc4 49. Be8+ 1-0

[Event "ESP-chT Regional U14"]
[Site "Padron"]
[Date "2017.06.25"]
[Round "6.3"]
[White "Iglesias Abroma, Carla"]
[Black "Bermudez Revuelta, Paula"]
[Result "0-1"]
[WhiteElo "1224"]
[BlackElo "1712"]
[PlyCount "54"]
[EventDate "2017.06.22"]
[EventType "team"]
[EventRounds "6"]
[EventCountry "ESP"]
[SourceTitle "EXT 2018"]
[Source "ChessBase"]
[SourceDate "2017.10.13"]
[SourceVersion "1"]
[SourceVersionDate "2017.10.13"]
[SourceQuality "1"]
[WhiteTeam "La Rioja (U14)"]
[BlackTeam "Asturias (U14)"]
[WhiteTeamCountry "ESP"]
[BlackTeamCountry "ESP"]

1. e4 c5 2. Nc3 Nc6 3. f4 g6 4. Bc4 e6 5. d3 Bg7 6. Nf3 Nge7 7. 0-0 0-0 8. Qe1 Na5 9. Bb3 Nxb3 10. axb3 d6 11. f5 exf5 12. Qh4 h5 13. Bg5 f6 14. Bf4 a6 15. Ng5 d5 16. Nf3 dxe4 17. dxe4 fxe4 18. Nxe4 Nf5 19. Qe1 b6 20. Ng3 Re8 21. Rd1 Nd4 22. Qf2 Nxf3+ 23. Qxf3 Qe7 24. Qxa8 h4 25. Nh1 Bb7 26. Qa7 Qe4 27. Qxb6 Qxg2# 0-1

[Event "ESP-ch U14"]
[Site "Granada"]
[Date "2016.07.15"]
[Round "7"]
[White "Bermudez Revuelta, Paula"]
[Black "Soto Martin, Miguel"]
[Result "0-1"]
[WhiteElo "1651"]
[BlackElo "1918"]
[PlyCount "98"]
[EventDate "2016.07.11"]
[EventType "swiss"]
[EventRounds "9"]
[EventCountry "ESP"]
[SourceTitle "EXT 2024"]
[Source "ChessBase"]
[SourceDate "2023.10.10"]
[SourceVersion "1"]
[SourceVersionDate "2023.10.10"]
[SourceQuality "1"]

1. e4 e5 2. Nf3 Nc6 3. Bb5 Bc5 4. 0-0 Nge7 5. Nxe5 Nxe5 6. d4 c6 7. Be2 Bd6 8. dxe5 Bxe5 9. f4 Bc7 10. Nc3 0-0 11. Kh1 d5 12. exd5 cxd5 13. Bd3 a6 14. a4 b6 15. Be3 Qd6 16. Ne2 Nf5 17. Bxf5 Bxf5 18. Bd4 Qg6 19. Rc1 Rfe8 20. Ng3 Be4 21. Bc3 f5 22. Qd4 Re6 23. Rf2 b5 24. Qd2 h5 25. axb5 axb5 26. Re1 Rd8 27. Bd4 h4 28. Nxe4 dxe4 29. Qc3 Bb6 30. Rd2 Bxd4 31. Rxd4 Rxd4 32. Qxd4 Qf6 33. Qb4 Kh7 34. Qb3 Rb6 35. Qe3 b4 36. Rd1 Rc6 37. Qe2 Kh6 38. b3 Rc3 39. Ra1 Rxc2 40. Qd1 Rc3 41. Ra4 Qc6 42. Ra1 h3 43. Qe1 hxg2+ 44. Kg1 Qb6+ 45. Kxg2 Qg6+ 46. Kh1 Qh5 47. Qd2 Qf3+ 48. Kg1 Qe3+ 49. Qxe3 Rxe3 0-1